Novela Zákonníka práce

Od 1. 1. 2013 je účinný zákon č. 361/2012 Z. z., ktorým sa mení a dopĺňa zákon č. 311/2001 Z. z. Zákonník práce v znení neskorších predpisov a ktorým sa menia a dopĺňajú niektoré zákony. Informácia o nových zmenách.

Saved in:
Bibliographic Details
Main Author: Mičudová, Tatiana
Format: Book Chapter
Language:Slovak
Subjects:
Tags: Add Tag
No Tags, Be the first to tag this record!

MARC

LEADER 00000naa a2200000 4500
001 0165554
005 20231204111437.3
041 0 |a slo 
044 |a SK 
245 1 0 |a Novela Zákonníka práce  |c Tatiana Mičudová 
520 |a Od 1. 1. 2013 je účinný zákon č. 361/2012 Z. z., ktorým sa mení a dopĺňa zákon č. 311/2001 Z. z. Zákonník práce v znení neskorších predpisov a ktorým sa menia a dopĺňajú niektoré zákony. Informácia o nových zmenách. 
610 2 0 |a Slovensko 
610 2 0 |a zákony 
610 2 0 |a novelizácia 
610 2 0 |a zákonník práce 
100 1 |a Mičudová, Tatiana